Automotive mechanics /

Automotive service and shop work. Automotive engines. Automotive engine systems. Automotive electrical and electronic equipment. Engine performance and driveability...

Đã lưu trong:
Sonraí Bibleagrafaíochta
Príomhúdar: Crouse, William Henry.
Údair Eile: Anglin, Donald L.
Formáid: Leabhar
Teanga:English
Foilsithe: New York : Glencoe/McGraw-Hill, 1993.
Eagrán:10th ed.
Ábhair:
Clibeanna: Cuir Clib Leis
Gan Chlibeanna, Bí ar an gcéad duine leis an taifead seo a chlibeáil!
Thư viện lưu trữ: Mạng thư viện Đại học Đà Nẵng
LEADER 01465cam a2200409 i 4500
001 000047547
003 7233
005 20240325170409.0
008 010324|1993 vm 000 eng
020 |a 007112599X 
040 |a LRCC  |c LRCC  |d LRCC 
041 0 |a eng 
082 1 4 |a 629.2872  |b CR-W 
100 1 |a Crouse, William Henry. 
245 1 0 |a Automotive mechanics /  |c William H. Crouse and Donald L. Anglin. 
250 |a 10th ed. 
264 1 |a New York :  |b Glencoe/McGraw-Hill,  |c 1993. 
300 |a 820 p. :  |b ill. ;  |c 28cm. 
520 3 |a Automotive service and shop work. Automotive engines. Automotive engine systems. Automotive electrical and electronic equipment. Engine performance and driveability... 
630 0 4 |a Automobiles. 
630 0 4 |a Mechanics. 
650 0 4 |a Automobiles. 
650 0 4 |a Automobiles  |x Maintenance and repair. 
650 0 4 |a Automobiles  |x Maintenance and repair  |x Examinations, questions, etc. 
700 1 |a Anglin, Donald L. 
910 |a BR 
OWN |a DUT 
AVA |a UDN50  |b DUT  |c Book  |d 629.2872 CR-W  |e available  |t Error 5001 Not defined in file expand_doc_bib_avail.  |f 2  |g 0  |h N  |i 0  |j SH 
999 |a From the UDN01 
AVA |a UDN50  |b DUT  |c Book  |d 629.2872 CR-W  |e available  |t Error 5001 Not defined in file expand_doc_bib_avail.  |f 2  |g 0  |h N  |i 0  |j SH 
TYP |a Monograph 
TYP |a Printed language 
980 |a Mạng thư viện Đại học Đà Nẵng